Takoví jsme byli. 5 /
Romantická manga série z kategorie šódžo.
Uloženo v:
| Série: | Takoví jsme byli,
část 5 |
|---|---|
| Hlavní autor: | |
| Další autoři: | |
| Médium: | Kniha |
| Jazyk: | Czech |
| Vydáno: |
V Praze :
Egmont,
2024
|
| Vydání: | První vydání |
| Témata: | |
| Celkem bylo vypůjčeno: | 0x |
| Příbuzné jednotky: | Z cyklu::
Takoví jsme byli |
| Tagy: |
Žádné tagy |
| LEADER | 02123cam a22004457i 4500 | ||
|---|---|---|---|
| 001 | 106507 | ||
| 003 | CZ PrSKC | ||
| 005 | 20260604174957.0 | ||
| 007 | ta | ||
| 008 | 231010s2024 xr a d 6 000 1 cze | ||
| 020 | |a 9788025257593 |q (brožováno) | ||
| 040 | |a ABG001 |b cze |e rda | ||
| 041 | 1 | |a cze |h jpn | |
| 072 | 7 | |a 741.52 |x Komiksy. Komiksové adaptace |2 Konspekt |9 21 | |
| 072 | 7 | |a 821-93 |x Literatura pro děti a mládež (beletrie) |2 Konspekt |9 26 | |
| 080 | |a 741.52(0:82-32) |2 MRF | ||
| 080 | |a 741.52(0:82-322.5) |2 MRF | ||
| 080 | |a 821-93 |2 MRF | ||
| 100 | 1 | |a Obata, Yuki, |d 1962- |7 xx0300485 |4 aut |9 114235 | |
| 240 | 1 | 0 | |a Bokura ga ita. |l Česky |
| 245 | 1 | 0 | |a Takoví jsme byli. |n 5 / |c Júki Obata ; překlad z japonštiny: Tereza Velká |
| 250 | |a První vydání | ||
| 264 | 1 | |a V Praze : |b Egmont, |c 2024 | |
| 300 | |a 170 stran, 12 nečíslovaných stran : |b ilustrace ; |c 18 cm | ||
| 336 | |a text |b txt |2 rdacontent | ||
| 336 | |a statický obraz |b sti |2 rdacontent | ||
| 337 | |a bez média |b n |2 rdamedia | ||
| 338 | |a svazek |b nc |2 rdacarrier | ||
| 500 | |a Přeloženo z japonštiny? | ||
| 504 | |a Tištěno zprava doleva ve stylu manga | ||
| 520 | 2 | |a Romantická manga série z kategorie šódžo. |b Jano si uvědomuje bolest ze ztráty své předchozí přítelkyně, na niž nedokáže zapomenout. Pro Nanami je to už příliš obtížné zvládnout, a proto se s ním rozchází. Jejich vztah byl krátký a všechny vzpomínky a vyřčená slova už patří minulosti. Do Nanami, která je opět single, je zamilovaný i kamarád Takeuči. Zvládne se však ve jménu lásky postavit dlouholetému přátelství, které ho pojí s Janem? Nakladatelská anotace. | |
| 655 | 7 | |a manga |7 fd1057492 |2 czenas | |
| 655 | 7 | |a romantické komiksy |7 fd1057460 |2 czenas | |
| 655 | 7 | |a publikace pro mládež |7 fd133157 |2 czenas |9 110 | |
| 700 | 1 | |a Velká, Tereza |7 xx0300653 |4 trl |9 114236 | |
| 787 | 0 | 8 | |i Z cyklu: |t Takoví jsme byli |g 5 |
| 910 | |a UOG502 | ||
| 942 | |2 ddc |c KN | ||
| 999 | |d 106507 | ||
| 993 | |0 0 |1 421180107227 |2 ddc |4 0 |7 0 |9 99951 |b 0 |c 107227 |d 2026-06-04 |e 0 |f M |h 299.00 |i Koupě |l M |r 2026-06-04 |t 8 |w 2026-06-04 |y KN |z KOMIKS |n | ||